[Event "ZN-2020-0-04148"]
[Site "LSS email"]
[Date "2020.04.16"]
[Round "?"]
[White "Newton, Daryl"]
[Black "Vasseur, Pierre"]
[Result "0-1"]
[WhiteElo "270"]
[BlackElo "800"]
[PlyCount "82"]
[EventDate "2020.04.15"]
[EventType "match (corr)"]
[EventRounds "2"]
[EventCountry "GER"]
[SourceTitle "Corr 2022"]
[Source "ChessBase"]
[SourceDate "2021.10.24"]
[SourceVersion "1"]
[SourceVersionDate "2021.10.24"]
[SourceQuality "1"]

1. d4 d5 2. Nf3 Nf6 3. Bf4 e6 4. Nc3 a6 5. e3 Bd6 6. Bd3 Nbd7 7. 0-0 0-0 8. Ne5 c5 9. Qf3 c4 10. Qg3 Nh5 11. Qg4 Nxf4 12. Qxf4 cxd3 13. cxd3 Nxe5 14. dxe5 Be7 15. Rfe1 b5 16. e4 d4 17. Ne2 Bb7 18. a3 Rc8 19. b4 Rc2 20. Rac1 Bg5 21. Qg3 Bxc1 22. Nxc1 Qc7 23. h4 Rxc1 24. f3 Rxe1+ 25. Qxe1 Rc8 26. f4 Qc1 27. Qf1 Qxf1+ 28. Kxf1 Rc3 29. f5 Rxd3 30. f6 Bxe4 31. Ke2 Rxa3 32. g4 Bf3+ 33. Kf2 Bxg4 34. fxg7 Kxg7 35. Ke1 Ra2 36. h5 Bxh5 37. Kf1 d3 38. Ke1 f5 39. Kf1 Re2 40. Kg1 d2 41. Kf1 d1Q# 0-1